[Event "Presov 2nd"]
[Site "Presov"]
[Date "2000.08.17"]
[Round "6"]
[White "Mrva, Martin"]
[Black "Kalod, Radek"]
[Result "1-0"]
[WhiteElo "2468"]
[BlackElo "2483"]
[Annotator "Gofshtein,L"]
[PlyCount "111"]
[EventDate "2000.08.12"]
[EventType "tourn"]
[EventRounds "9"]
[EventCountry "SVK"]
[EventCategory "10"]
[SourceTitle "CBM 079"]
[Source "ChessBase"]
[SourceDate "2000.11.21"]
[SourceVersion "1"]
[SourceVersionDate "2000.11.21"]
[SourceQuality "1"]

1. e4 c5 2. Nf3 Nc6 3. d4 cxd4 4. Nxd4 Nf6 5. Nc3 d6 6. Bg5 a6 7. Qd2 Qb6 8.
Nb3 e6 9. O-O-O Qc7 (9... Be7 {-mainline}) 10. Be2 $146 {[%mdl 4] Interesting
new idea!} (10. f3 Rb8 (10... Be7 11. Kb1 Bd7 12. h4 b5 13. Be3 $132 {0-1
Schiller,E-Joshi,S/Pan American 1986/ (45)}) (10... Bd7 11. Be3 b5 12. g4 h6
13. Qf2 Rb8 14. h4 Ne5 15. Rg1 $132 {0-1 JONES C. 2295-IVANOV I. 2583/Region V
OH 1983/ (38)}) 11. Nd4 Be7 12. Be3 b5 13. g4 Nxd4 14. Qxd4 O-O 15. g5 Nd7 16.
h4 b4 17. Nb1 Ne5 18. Nd2 Bb7 19. Kb1 Rbc8 20. Rc1 d5 $15 {1/2-1/2 Tatai,
S-Smirin,I/Formia ,EXT 1995/ (47)}) (10. Kb1 Be7 (10... b5 11. Qf4 (11. Bxf6
gxf6 12. f4 (12. Qf4 Be7 13. Qh6 $5 $14 (13. Bxb5 axb5 14. Nxb5 Qb8 15. Nxd6+
Bxd6 16. Rxd6 Ke7 17. Rhd1 Ne5 18. Qh4 $44)) 12... Bd7 13. g3 Be7 14. Bg2 Rc8
15. Rhe1 O-O 16. Nd5 exd5 17. exd5 Ne5 18. fxe5 fxe5 19. Nd4 $1 $14 {1-0
Soffer,R-Smirin,I/Tel-Aviv Cup rapid 1996/ (37)}) (11. f4 {-see comments to
the game 1/2-1/2 Bologan,V-Sakaev,K/Kishinev 1998/CBM 64 (47) [Epishin]}) 11...
Nd7 12. Bxb5 axb5 (12... f6 13. Bxc6 Qxc6 14. Bh4 g5 15. Qg4 $16) 13. Nxb5 Qb8
14. Nxd6+ Bxd6 15. Qxd6 Qxd6 16. Rxd6 $44 {1/2-1/2 Van der Wiel-Spraggett/Wijk
1985] (29)}) 11. Bxf6 gxf6 12. Qh6 $14 {1/2-1/2 Mithrakanth,P-Vasiukov,E/
Coimbatore ,EXT 1987/(19)}) (10. Bxf6 gxf6 11. Qf4 (11. f4 Bd7 12. g3 O-O-O 13.
Kb1 Kb8 14. Bh3 h5 15. Ne2 Bc8 16. Qc3 $16 {1/2-1/2 Morris,P-Ravikumar,V/
London Lloyds 1989] (40)}) (11. Be2 h5 12. f4 b5 13. Bf3 Ne5 $1 14. Ne2 Nxf3
15. gxf3 a5 $132 {0-1 Yemelin,V-Sakaev,K/St Petersburg RUS 1999/[Kostakiev] 
(26)}) 11... Be7 12. Be2 h5 13. Qg3 Kf8 14. f4 b5 15. Bf3 Rb8 16. Kb1 $14 {
0-1 Sinprayoon,P-Spraggett,K/Dubai olm 1986/(38)}) (10. f4 b5 (10... Be7 11.
Bxf6 gxf6 12. Be2 h5 13. h4 b5 14. Bf3 Bb7 15. Kb1 O-O-O 16. Qe2 $16 {[%csl
Rh5] 0-1 Kozirev,A-Sherbakov,R/Omsk 1996/CBM 57 (41)}) 11. Bxf6 (11. Kb1 Bb7 (
11... Rb8 12. Bd3 Be7 13. h4 b4 14. Ne2 Ng4 {1/2-1/2 Rytshagov,M-Gavrikov,V/
Jyvaskyla FIN 2000/The Week in Chess 299 (14)}) (11... b4 12. Bxf6 gxf6 13. Ne2
$14 (13. Na4 $2 Bd7 14. Qe3 Rb8 15. Nd2 Na5 $17 {0-1 Williams,L-Spraggett,K/
Quebec ,EXT 1986/ (48)})) 12. Bd3 O-O-O 13. Bh4 Be7 14. Bf2 g5 15. g3 Rhg8 16.
Qe2 h5 17. Rhe1 Kb8 $132 {1/2-1/2 Klovans,J-Lutikov Anatoly/ch URS select
Rostov on Don RUS 1976/(43)}) (11. Bd3 $6 {[%csl Rd6][%cal Gd2d6]} Be7 12. Kb1
$132 (12. Bxf6 Bxf6 13. Bxb5 $6 axb5 14. Nxb5 Qb8 15. Nxd6+ Kf8 16. e5 Be7 17.
Qc3 Nb4 18. Kb1 g6 19. Qxc8+ Qxc8 20. Nxc8 Rxc8 21. Rd7 g5 22. f5 Nc6 23. fxe6
fxe6 24. Rb7 Ke8 25. a4 Rf8 $17 {0-1 Nyysti,S-Gavrikov,V/Helsinki FIN 2000/The
Week in Chess 297 (35)})) 11... gxf6 12. g3 h5 13. Kb1 Bd7 14. Bh3 b4 15. Ne2
Qb6 16. Ned4 $14 {0-1 Kalod,R-Kovalev,A/Presov SVK 2000/The Week in Chess 302 
(46)}) 10... b5 ({After} 10... h5 $6 11. f4 $14 {White has an advantage.} ({
White does not have to play} 11. Bxf6 $6 gxf6 12. f4)) 11. Bxf6 gxf6 12. Bh5 $5
{This is a main idea of 10.Be2 novelty. This game can be compared with games
in this opening variation where black replied h7-h5 on whites Be2.} Bb7 (12...
Rg8 13. g3 $14) 13. Qf4 $5 {[%csl Rf6]} Qe7 ({Or} 13... Be7 14. Qg4 {[%csl Re6]
[%cal Gg4g7]} (14. Nc5 Bc8 15. Nb3 Bb7 $11) 14... Kf8 15. Qf4 $14 {[%csl Rf8]
[%cal Gf4h6]}) 14. Rhe1 O-O-O (14... Rg8 15. g3 $14) 15. a4 $6 (15. g3 $14 Rg8
16. h4 {[%csl Gg5,Rg8]}) 15... bxa4 $6 {Weakening Kc8} ({Much better was} 15...
b4 16. Ne2 Rg8 17. g3 Rg5 18. Qh4 (18. Bf3 $2 Bh6 19. Kb1 Rh5 $17) 18... Na5
19. Ned4 Nxb3+ 20. Nxb3 Re5 {[%cal Gf6f5]} (20... d5 $2 21. f4 Rg7 22. exd5
Bxd5 23. Be2 Rd6 (23... Kb7 24. Rxd5 Rxd5 25. Bf3 $16) 24. Bxa6+ $16) 21. Be2 (
21. Bf3 f5 22. Qxh7 Qf6 23. Nd2 Bh6 {[%cal Gd8h8]} 24. Bh5 Bg7 $17 {[%csl Rb2]
[%cal Gg7b2]}) 21... f5 (21... Rxe4 22. Qxh7 f5 23. Nd2 Re5 24. f4 Rc5 25. Nb3
Rc7 $132) 22. Qxe7 Bxe7 23. exf5 Rxf5 24. f4 Bf6 $132) 16. Nxa4 Kb8 $6 $14 ({
Black had missed the possibility to develop Rh8 to the 5-th line:} 16... Rg8
17. g3 Rg5 $132) 17. Kb1 $6 $132 {White didn't use possibility to restrict Rh8}
({by} 17. g3 Rg8 18. h4 $14 {[%csl Gg5]}) 17... Rg8 $1 {Of course - Black
doesn't have another useful moves...} 18. g3 Rg5 $1 19. Be2 Re5 (19... Bh6 $6
20. Qe3 $1 Qc7 (20... Rh5 21. Qb6 $1 $16 {[%cal Ge2a6]}) 21. f4 Rgg8 $14) 20.
Bf1 Bg7 21. Qg4 Qf8 22. Nb6 Kc7 23. Nc4 f5 24. exf5 Rxf5 25. f4 Rb5 26. Ne3 Rb4
27. Bg2 Bh8 28. Rd3 Qg7 29. Qxg7 Bxg7 30. f5 a5 31. fxe6 fxe6 32. Nd1 a4 33.
Nc1 Be5 34. Ra3 Ba6 35. c3 Rb6 36. Rxa4 Rdb8 37. Kc2 Rf8 38. Rh4 Rf7 39. Nd3
Rb8 40. Rh6 Bxd3+ 41. Kxd3 Re8 42. Rf1 Rg7 43. Bxc6 Kxc6 44. Ne3 Rge7 45. Ra1
Rf8 46. Ng4 Rf3+ 47. Kc2 Kb7 48. Re1 Bh8 49. Rexe6 Rxe6 50. Rxe6 h5 51. Rh6
Bxc3 52. Rxh5 Be1 53. Kd1 Rf1 54. Ke2 Rg1 55. Rd5 Bb4 56. Rb5+ 1-0

[Event "Sufe Cup"]
[Site "Shanghai"]
[Date "2000.03.13"]
[Round "11"]
[White "Bologan, Viktor"]
[Black "Wang, Lei"]
[Result "1/2-1/2"]
[WhiteElo "2589"]
[BlackElo "2495"]
[Annotator "Gofshtein,L"]
[PlyCount "125"]
[EventDate "2000.03.03"]
[EventType "tourn"]
[EventRounds "13"]
[EventCountry "CHN"]
[EventCategory "13"]
[SourceTitle "CBM 076"]
[Source "ChessBase"]
[SourceDate "2000.05.31"]
[SourceVersion "1"]
[SourceVersionDate "2000.05.31"]
[SourceQuality "1"]

{[%mdl 8704]} 1. e4 c5 2. Nf3 d6 3. d4 cxd4 4. Nxd4 Nf6 5. Nc3 Nc6 6. Bg5 e6 7.
Qd2 a6 8. O-O-O h6 9. Be3 Be7 10. f3 Nxd4 11. Bxd4 b5 12. Kb1 Rb8 13. Ba7 {
Most popular move.Other possibilities are:} (13. Qf2 b4 (13... Qa5 14. Bd3 b4
15. Ne2 e5 16. Ba7 Rb7 17. Bc4 (17. g4 Be6 18. b3 d5 $15 {0-1 Liu,D-Serper,G/
Jakarta 1994/(29)}) 17... O-O $132) (13... Qc7 $6 14. g4 (14. h4 b4 15. Na4 e5
16. Ba7 Rb7 17. Be3 Qc6 18. Nb6 Be6 19. b3 O-O 20. Bc4 Rxb6 21. Bxb6 Bxc4 22.
bxc4 Qxc4 23. g4 $14 {1-0 Almasi,Z-Galliamova Ivanchuk/Vienna AUT Chess
Festival op 1996 (76)}) 14... Bd7 15. h4 b4 16. Ne2 e5 17. Be3 Rc8 18. Ng3 Bxg4
19. Bb6 Qxc2+ 20. Qxc2 Rxc2 21. fxg4 Rc6 22. Ba7 $16 {1-0 Ivanovic,B-Makarov,M/
Podgorica 1993 (39)}) 14. Na4 (14. Ne2 Qa5 15. Nc1 e5 16. Be3 Be6 17. Bd3 d5
18. Nb3 Qc7 19. exd5 Nxd5 20. Bc5 Nc3+ 21. bxc3 Bxb3 22. cxb3 Bxc5 $17 {
0-1 Atakisi,U-Gershon,A/Yerevan ARM 1999 (37)}) 14... Qc7 15. Ba7 Ra8 16. Bd4
Rb8 17. Nb6 Bb7 18. Nc4 O-O $11 (18... e5 19. Bb6 Qc6 20. Na5 $14 {0-1 Euler,
G-Badea,B/Giessen ,GER 1995 (57)})) (13. Qe3 b4 14. Na4 Qc7 15. Ba7 Rb7 16. Bb6
Qc6 17. b3 O-O 18. Bd4 e5 19. Bb2 Be6 $11) (13. g4 Qa5 (13... e5 14. Be3 Qa5
15. h4 Be6 16. Be2 Nd7 17. Nd5 Qxd2 18. Rxd2 $14 {1/2-1/2 Poluliakhov,
A-Makarov,M/Podgorica 1993 (60)}) (13... b4 14. Bxf6 (14. Ne2 e5 15. Ba7 (15.
Be3 Be6 $132) 15... Rb7 16. Be3 Be6 17. Ng3 Qa5 18. b3 d5 $15 {1/2-1/2 Van der
Wiel,J-Hoeksema,E/Eindhoven ch-NL 1993 (31)}) 14... Bxf6 15. Ne2 Rb6 {1/2-1/2
Cseshkovsky,V-Ruban,V/St.Petersburg (zt) 1993/Inf 56/(46)}) (13... Qc7 14. h4
b4 15. Ne2 e5 16. Bf2 Be6 17. Ng3 Qa5 18. b3 Rd8 (18... d5 19. g5 hxg5 20. hxg5
Rxh1 21. Nxh1 Nh5 22. exd5 Rd8 23. Bc4 Nf4 24. dxe6 $1 Rxd2 25. exf7+ Kf8 26.
Rxd2 $14 {1-0 McShane,L-Gross,D/Gelsenkirchen GER 1999 (34)}) 19. Qe2 (19. g5
hxg5 20. hxg5 Rxh1 21. Nxh1 Nh7 22. g6 fxg6 $15) 19... d5 20. Nf5 Bxf5 21. exf5
d4 22. Qxa6 Qxa6 23. Bxa6 Nd5 $44) 14. h4 (14. Bxf6 gxf6 (14... Bxf6 15. Qxd6
$16) 15. f4 b4 16. Ne2 Rg8 17. Rg1 (17. h3 Bb7 18. Bg2 f5 19. Ng3 fxg4 20. hxg4
Rxg4 21. Rxh6 Kd7 22. Nh5 Rbg8 23. Bf3 R4g6 $132) 17... Bb7 $132) (14. a3 e5
15. Bf2 Be6 16. h4 b4 17. Nd5 Bxd5 18. exd5 Qa4 $15 {1/2-1/2 Magem,J-San
Segundo,P/Pamplona 1995 (42)}) 14... b4 15. Ne2 e5 16. Ba7 Rb7 17. Bf2 Be6 18.
Nc1 d5 $132 (18... Nd7 $6 19. Nb3 Qc7 20. Bxa6 Rb8 21. Qe2 Qc6 22. Nc1 O-O 23.
g5 h5 24. b3 $14 {0-1 Hartman,C-Degerman,L/26th Rilton Cup, Stockholm SWE 1997
(37)})) (13. h4 $5 b4 14. Ne2 e5 15. Ba7 Rb7 16. Bf2 Be6 17. Nc1 Qa5 (17... a5
18. g4 (18. Ba6 Rb8 19. Ba7 Ra8 20. Bb5+ Nd7 21. Be3 Qc7 22. g4 Rb8 23. Ba4 $14
{[%csl Ya4] 1/2-1/2 Volzhin,A-Hernandez,G/Linares 1996 (36)}) 18... h5 (18...
Qc7 19. Ba6 Rb8 20. g5 Nh5 21. gxh6 Rxh6 22. Be3 Rh8 $132 {0-1 Brodsky,
M-Serper,K/Novgorod (open) 1995/Inf 64/(41)}) 19. g5 Nd7 20. Bh3 Bxh3 21. Rxh3
g6 22. f4 $14 {1-0 Ehlvest,J-Zontakh,A/St.Petersburg op2 1994 (61)}) 18. Nb3
Qa4 $132) (13. Bxf6 Bxf6 14. Qxd6 Qxd6 15. Rxd6 Ke7 16. Rd1 Bxc3 17. bxc3 e5
18. Kb2 Be6 $44 {0-1 Anand,V-Kramnik,V/Monte Carlo blindfold 1996 (40)}) (13.
Qe1 Qa5 (13... b4 14. Ne2 Qc7 15. b3 e5 16. Bb2 Be6 17. g4 Rc8 18. Ng3 g6 19.
Bd3 a5 $132 {1/2-1/2 Shchekachev,A-Tyomkin,D/Bastia FRA 1998 (34)}) 14. Ba7 Rb7
15. Be3 b4 16. Ne2 e5 17. Nc1 Be6 18. g4 Nd7 19. h4 Qa4 $132 {1/2-1/2 Mainka,
R-Lagunov,A/GER-ch ,EXT 1994 (63)}) (13. Bd3 e5 (13... b4 14. Ne2 e5 15. Ba7
Rb7 16. Bf2 Be6 17. Nc1 a5 18. g4 Nd7 19. h4 Qc7 20. Qe2 Rb8 21. Rdg1 $132 {
1/2-1/2 Kasimdzhanov,R-Avrukh,B/Cala Galdana 1996 (52)}) 14. Ba7 Rb7 15. Be3
Be6 16. b3 Qc8 17. g4 d5 18. exd5 Bxd5 19. Ne4 Bxe4 20. Bxe4 Nxe4 21. fxe4 O-O
$11 {1/2-1/2 Bologan,V-Atalik,S/ROM-chT ,EXT 1994 (43)}) 13... Rb7 14. Be3 (14.
Bf2 b4 15. Ne2 e5 16. Nc1 a5 17. Bc4 Be6 18. Bxe6 fxe6 19. g4 O-O 20. h4 Nd7
$11 {0-1 Gruenfeld,Y-Greenfeld,A/Nir-Galim blitz 1995 (43)}) 14... Qa5 (14...
b4 15. Ne2 a5 (15... e5 16. Nc1 (16. c4 Be6 17. Ng3 O-O 18. Nf5 Bxf5 19. exf5
Qc8 20. g4 Rd8 $132 {1/2-1/2 Socko,B-Avrukh,B/World Juniors, Zagan POL 1997 
(42)}) 16... a5 (16... Rb8 17. Bc4 O-O 18. g4 Qc7 19. Bb3 Be6 20. g5 hxg5 21.
Bxg5 Rfd8 22. Rhg1 $16 {1-0 Lanka,Z-Vydeslaver,A/Open, Groningen NED 1997 (38)}
) 17. Ba6 Rb8 18. Bxc8 Rxc8 19. Ne2 h5 20. h4 Nd7 21. Ng3 g6 22. Nf1 Qc7 23.
Bf2 Kf8 $11 {1/2-1/2 Krakops,M-Avrukh,B/World Juniors, Zagan POL 1997 (33)})
16. Nd4 Bd7 17. g4 Qc7 18. h4 a4 19. Ba6 Rb8 20. g5 Nh5 21. g6 (21. gxh6 $14)
21... Rf8 (21... O-O 22. Rhg1 e5 23. Nf5 Bxf5 24. exf5 b3 25. cxb3 axb3 26. a3
Qc2+ 27. Qxc2 bxc2+ 28. Kxc2 fxg6 29. Bc4+ Kh8 30. Rxg6 Rxf5 31. Re6 $16) 22.
Qg2 Nf6 23. Rhe1 a3 24. b3 e5 25. Nf5 $16 {1-0 Pikula,D-Zontakh,A/Belgrade 
(YUG) 1996 (37)}) (14... Nd7 15. Bd3 Ne5 16. Ne2 Qc7 17. Bd4 O-O 18. Ng3 Rd8
19. Nh5 Bf8 20. Qf2 Nxd3 21. cxd3 e5 $11 {1/2-1/2 Leko Petar-Tukmakov Vladimir/
Ch Croatia (team) (1st league), Tucepi 1996 (24)}) (14... Qc7 15. g4 b4 (15...
Nd7 16. Ne2 (16. Be2 Nb6 17. Bd3 b4 18. Ne2 Nc4 19. Bxc4 Qxc4 20. Ng3 Rb5 21.
Bd4 Rg8 22. h4 a5 23. Qd3 Qxd3 24. cxd3 Ba6 25. Nh5 Kd7 $132 {1-0 Antoniewski,
R-Lerner,K/Koszalin POL 1999 (72)}) 16... Ne5 17. Nd4) 16. Ne2 d5 (16... a5 17.
Nd4 Bd7 $132) 17. e5 Nd7 18. f4 $132 {Lanka,Z-Wells,P/Passau 1996/Inf 67/ (18)}
) 15. g4 $5 (15. Qf2 b4 16. Ne2 e5 17. Nc1 Be6 18. Nb3 Qc7 19. Bxa6 Rb8 20. Ba7
Ra8 21. Bb5+ Nd7 22. Be3 O-O 23. Qe2 $44 {1/2-1/2 Lanka,Z-Tyomkin,D/Creon 1996/
Inf 67/ (23)}) ({Bologan twice played here} 15. Nd5 $1 Qxd2 16. Nxf6+ gxf6 17.
Bxd2 (17. Rxd2 $14) 17... e5 18. a4 Be6 19. axb5 axb5 20. Bb4 Kd7 $14 {1-0
Bologan,V-Lobron,E/BL 1997 (48)} (20... O-O 21. Bd3 Ra8 22. b3 Rba7 23. Bxb5
Ra1+ 24. Kb2 R1a2+ 25. Kc3 $16 {1/2-1/2 Bologan,V-Goldin,A/EUCup f Budapest ,
CBM 1996/ (80)})) {and twice (after 15Nd5) has achieved advantage, but in this
game prefered to play 15.g4} 15... b4 16. Ne2 e5 17. Nc1 Be6 18. Nb3 (18. h4 d5
19. Nb3 Qa4 20. Bc5 Rc7 (20... d4 21. Bxe7 Rxe7 22. g5 $132) 21. Bxe7 Kxe7 22.
Bh3 (22. g5 hxg5 23. exd5 Bxd5 24. hxg5 Rxh1 25. gxf6+ gxf6 26. Qxd5 Qd7 27.
Qxd7+ Rxd7 28. Rc1 $132) 22... d4 23. g5 Nh5 24. Bxe6 Kxe6 25. f4 Nxf4 26.
Nxd4+ exd4 27. Qxf4 Qxc2+ (27... Qa5 $2 28. Rxd4 Qe5 29. Qg4+ Ke7 30. Rd5 {
1-0 Gunnarsson,J-Stefansson,H/ch-ISL, Akureyri 1997 (30)}) 28. Ka1 Qc5 $132)
18... Qc7 $6 $14 {This move is connected with pawn sacrifice. However, open
file "a" may help to Black in K Attack organization.} (18... Qa4 $142 19. h4 d5
$132 {Like in the game 1-0 Gunnarsson,J-Stefansson,H/ch-ISL, Akureyri 1997 (30)
}) 19. Bxa6 Rb8 $8 20. c4 $6 $132 (20. h4 $5 Qc6 21. Qe2 Nd7 22. Ba7 Ra8 23.
Bb5 Qb7 24. Be3 (24. Bf2 O-O 25. g5 h5 26. Bc4 $14) 24... O-O 25. g5 h5 26. Bc4
Bxc4 27. Qxc4 Rfc8 28. Qd5 (28. Qd3 Qc6 $44) 28... Qa6 29. Nc1 Nf8 30. f4 $14)
20... bxc3 21. Qxc3 Qxc3 22. bxc3 d5 (22... Bxb3 23. axb3 Rxb3+ 24. Kc2 Rb8 25.
h4 Nd7 $14) 23. exd5 Nxd5 (23... Bxd5 24. Rhf1 O-O (24... Bxb3 25. axb3 Rxb3+
26. Kc2 Ra3 27. Bb5+ $14) 25. c4 Bc6 26. h4 Ne8 {[%cal Ge8c7]} 27. Bb5 Bxb5 28.
cxb5 Rxb5 29. g5 Nc7 (29... hxg5 30. Rd7 Ba3 31. hxg5 Nd6 32. Bc1 $11) 30. gxh6
Nd5 31. Rd3 Nxe3 32. Rxe3 gxh6 $132) 24. Bd2 O-O (24... Nc7 25. Bd3 Bd5 (25...
Bxb3 26. axb3 Rxb3+ 27. Kc2 $132) 26. Rhf1 Nb5 (26... Bxb3 27. axb3 Rxb3+ 28.
Kc2 Ra3 29. f4 $14) 27. Ka1 Na3 $44) 25. Rhe1 (25. Kb2 Rb6 (25... Ra8 26. Bb7
Ba3+ 27. Kc2 Rab8 28. Bxd5 Bxd5 29. Bc1 $16) 26. Bd3 Rc8 (26... Rfb8 27. Rhe1
Bf6 28. Bc2 $44) 27. Rhe1 Bf6 28. Be4 Rbb8 29. Bxd5 (29. Re2 Nb6 $15 {[%csl
Ra2,Rc3][%cal Gb6a4,Gb6c4]}) 29... Bxd5 30. Re3 Rb5 $44) 25... Rfd8 26. Kb2 Bf6
(26... Rd6 27. Bc4 Rc8 (27... Nxc3 $6 28. Kxc3 Rc6 29. Re4 Bb4+ 30. Kb2 Bxd2 (
30... Rxc4 31. Rxc4 (31. Rxe5 Bd6 32. Re2 Ra4 {[%csl Ra2,Rb3][%cal Ga4a2,Gb3d1]
} 33. Rde1 Rba8 34. Ra1 Bc4 35. Re4 Bxh2 36. Bc3 Bd6 $15) 31... Bxc4 32. Bxb4
Rxb4 33. Kc3 Bxb3 34. Rd8+ Kh7 35. Kxb4 Bxa2 36. Rd2 Be6 37. Kc5 $16) 31. Rxd2
Bxc4 32. Rxe5 $16 {[%csl Yb3][%cal Ge5e3]}) 28. Bxd5 Rxd5 29. Re4 (29. h3 Bf6
30. Re4 Rd3 31. Re3 Rcxc3 32. Bxc3 Rxe3 33. Nd2 Bxa2 34. Bxe5 Bb3 35. Nxb3
Bxe5+ $17 {[%csl Rf3]}) 29... Kf8 30. c4 Rd7 31. Rc1 Ra7 {[%cal Ge7a3]} 32. Rc2
f6 $44) 27. Re4 Nb6 28. c4 Be7 (28... Bg5 29. Kc1 Ra8 30. Bxg5 Rxd1+ 31. Kxd1
Rxa6 32. Nc5 Rxa2 33. Nxe6 hxg5 34. Nxg5 $132) (28... Na8 29. Bb5 Nc7 30. a4
Rbc8 (30... Nxb5 31. axb5 $16) 31. Nc5 Rd6 32. Nxe6 Nxe6 33. Kc3 Rcd8 34. a5
Nd4 $44) 29. Bb5 f5 $5 (29... Bb4 30. Kc2 (30. Kc1 Ba3+ (30... Nxc4 31. Bxc4
Rdc8 32. Kb2 Bxc4 33. Bxb4 Rxb4 34. Rxe5 $16) 31. Kc2 Rdc8 32. Na5 f6 (32...
Bd5 33. Rxe5 Bxf3 34. Rde1 Bxg4 35. Re8+ Rxe8 (35... Kh7 36. Bf4 Ra8 37. Rxc8
Rxc8 38. Kb3 $16) 36. Rxe8+ Rxe8 37. Bxe8 Bd6 $132) 33. Bc3 $44)) 30. gxf5 Bxf5
31. a4 {Bologan style sacrifice!} (31. Re3 Be6 32. Re4 Bb4 33. Bxb4 (33. Kc1
Ba3+ 34. Kc2 Bf5 $17) 33... Rxd1 34. Kc3 Kf7 35. Rxe5 $44) 31... Bxe4 32. fxe4
Bb4 33. Kc2 Bxd2 34. Nxd2 {This endgame is complicated enough and dangerous
for both of sides.} g5 (34... Ra8 35. Ra1 Kf7 36. a5 Nd7 37. a6 Ke7 $44) 35. a5
Na8 36. Bc6 Nc7 37. Bd5+ Kg7 (37... Kf8 $44) (37... Nxd5 38. exd5 $16 {[%csl
Ga5,Gc4,Gd5]}) 38. Nf3 Re8 39. Kc3 Re7 (39... Kf6 $6 40. Rf1 Ne6 (40... Kg7 41.
Ra1 (41. Nd2 Rf8 42. Rxf8 Rxf8 43. c5 Rf2 44. Nc4 Rxh2 45. Nxe5 h5 $17) 41...
Kf6 42. a6 $16) 41. Nd4+ Nf4 42. Nf5 {[%csl Rf4] Black N must fight against PP
a and c} h5 43. a6 Rb6 44. Bb7 (44. Ra1 Nxd5+ 45. cxd5 (45. exd5 Kxf5 46. a7
Ra8 47. c5 Rb7 $19) 45... Rc8+ 46. Kd3 Rb3+ $17) 44... Rb8 45. c5 Rb5 (45...
R6xb7 46. axb7 Rxb7 47. Rd1 g4 48. c6 Rb5 49. Rd6+ Kg5 50. Kc4 $16) 46. Kc4 (
46. c6 Rc5+ 47. Kd2 Rd8+ 48. Ke3 Rc2 $19 {[%csl Re3]}) 46... Rb2 47. Ne3 $16)
40. Ne1 Na6 41. Nd3 {[%cal Gc4c5] White try to promote free PP} h5 42. Rg1 g4
$4 {Counter sacrifice connected with blunder...} (42... Kg6 43. Rf1 g4 44. Bf7+
$1 Kh6 45. Rf5 h4 46. Nxe5 g3 47. hxg3 hxg3 48. Rh5+ Kg7 49. Rg5+ Kf6 50. Rf5+
Kg7 51. Kd4 Rxe5 $3 52. Kxe5 g2 53. Rg5+ Kxf7 54. Rxg2 Rc8 $44) 43. h3 Kg6 44.
hxg4 h4 $1 {[%csl Gh4]} 45. Rf1 h3 46. c5 $4 $17 {Bologan missed tactical
construction after 46 Rf3! +-} (46. Rf3 $1 {Seems pointless...} Rh8 47. Bf7+ $3
Kg5 (47... Rxf7 48. Nxe5+ $18) 48. Bh5 Kh4 49. Nf2 h2 50. Rh3+ Kg5 51. Rxh2 $18
) 46... h2 47. Rh1 Rh8 {[%csl Gh2] And Wang Lei can to sigh facilitated...} 48.
Kc4 Kg5 49. Nb4 $2 $19 {Suicide} (49. Kb5 Nc7+ 50. Kc4 (50. Kb6 Rb8+ 51. Bb7 (
51. Kc6 Nb5 $19 {[%cal Ge7c7]}) 51... Na8+ $17) 50... Kxg4 $17) (49. c6 Kxg4
50. Kb5 Nc7+ 51. Kc5 Rh6 52. Kb6 Kg3 53. Ne1 $17) 49... Nc7 $4 $132 ({Both of
sides forgot of P h2} 49... Nxb4 $1 50. Kxb4 Kxg4 {Black K go to take White R
and par of Black rook easily detain isolated White pawns} 51. a6 (51. c6 Kf3
52. Kc5 Kg2 53. Rxh2+ Rxh2 54. Kd6 Rhh7 55. Be6 Ra7 56. Bd7 Kf3 57. c7 Rh6+ $19
) 51... Kg3 52. Bb7 Kg2 53. Rxh2+ Kxh2 54. c6 Kg3 55. a7 Ree8 56. c7 Kf4 57.
Kc5 Kg5 58. Kd6 Kf6 59. Bc6 Re6+ 60. Kc5 Rxc6+ 61. Kxc6 Ke6 62. Kb7 Kd7 $19)
50. a6 (50. Nc6 $5 Ree8 (50... Rg7 51. Nxe5 Kf4 52. Nf7 Rh3 53. Nd8) 51. Bf7
Rc8 52. Bh5 $132 {[%csl Rh2]} (52. Nxe5 Kf6 53. Ng6 Rh7 54. Rf1+ Kg5 $19) 52...
Ne6 53. Kb5 Nc7+ 54. Ka4 Na6 55. Nxe5 Nxc5+ 56. Ka3 Rc7 $11) 50... Kxg4 51. Bb7
(51. Nc6 Ree8 52. a7 Kg3 $19) 51... Nxa6 (51... Kg3 52. Nd5 Rg7 53. Nxc7 Rxc7
54. c6 Kg2 55. Rxh2+ Kxh2 56. a7 Kg3 57. a8=Q Rxa8 58. Bxa8 Kf4 59. Kd5 Rh7 60.
Kc5 Rh8 61. Bb7 Kxe4 $11) 52. Bxa6 Kg3 53. c6 Kg2 54. Rxh2+ Rxh2 55. Nd5 Re8
56. c7 Kf3 (56... Rhh8 57. Bb7 Kf3 58. Nf6 Re6 59. Nd5 Ree8 $11) 57. c8=Q Rxc8+
58. Bxc8 Kxe4 59. Nf6+ Kf4 60. Nd5+ Kf3 61. Nc3 Rd2 62. Bb7+ Kf4 63. Nd5+
1/2-1/2